Poistné krytie škôd spôsobených víchricami v krajinách EÚ bakalárska práca

Na minha lista:
Detalhes bibliográficos
Autor principal: Smatanová, Nikoleta
Autor Corporativo: Národohospodárska fakulta EU. Katedra poisťovníctva
Outros Autores: Marko, Peter
Formato: Livro
Idioma:eslovaco
Publicado em: Bratislava 2011
Tags: Adicionar Tag
Sem tags, seja o primeiro a adicionar uma tag!

MARC

LEADER 00000nbm a2200000 4500
001 0162854
005 20121213125744.7
041 0 |a slo 
044 |a SK 
245 1 0 |a Poistné krytie škôd spôsobených víchricami v krajinách EÚ  |b bakalárska práca  |c Nikoleta Smatanová ; školiteľ: Peter Marko 
264 1 |a Bratislava  |c 2011 
300 |a 42 s. 
100 1 |a Smatanová, Nikoleta 
700 1 |a Marko, Peter 
710 2 |a Národohospodárska fakulta EU. Katedra poisťovníctva